000 00944 a2200169 4500
003 Nust
005 20230306131816.0
040 _cNust
082 _a303.6,LAY
100 _aLay J S
_9109879
245 _aCitizenship :
_bEverday Social Problems for the Nation's Youth /
_cE.D .J.S Lay
260 _aLondon
_bMacmillan
_c1926
300 _a280:p.;
505 _aThe Problem of Thinking and Doing (Page-10), The Problem of Health (Page-13), The Problem of Education,1 (Page-33), The Problem of Education (Page-50), The Problem of Leisure (Page-68), The Problem of Wealth (Page-89), The Problem of Wages (Page-101), The Problem of Capital (Page-109), The Problem of Chossing a Job (Page-131), The Problem of Spending (Page-150), The Problem of Liberty (Page-169), The Problem of Government (Page-196), The Problem of the League of Nations (Page-221), Some other of Noted Citizens (Page-257).
650 _aCitizenship
_9109880
942 _2ddc
_cBK
999 _c184802
_d184802